MARC

LEADER 00000nam0a2200000 4500
001 273344
005 20231101234624.0
035 |a (RuTPU)RU\TPU\book\296553 
090 |a 273344 
100 |a 20141024d1966 k y0rusy50 ca 
101 0 |a rus 
102 |a RU 
105 |a a z 001zy 
200 1 |a Опыт проектирования зданий в странах тропического климата  |f В. Л. Воронина  |g Научно-исследовательский институт теории, истории и перспективных проблем советской архитектуры 
210 |a Москва  |c Изд-во литературы по строительству  |d 1966 
215 |a 119 с.  |c ил. 
320 |a Библиогр.: с. 115-118 
606 1 |a Архитектура  |2 stltpush  |3 (RuTPU)RU\TPU\subj\29464  |9 52781 
610 1 |a здания 
610 1 |a проектирование 
610 1 |a тропический климат 
610 1 |a планировка 
610 1 |a конструкции 
675 |a 72.01  |v 3 
700 1 |a Воронина  |b В. Л.  |g Вероника Леонидовна 
712 0 2 |a Научно-исследовательский институт теории, истории и перспективных проблем советской архитектуры  |2 stltpush  |3 (RuTPU)RU\TPU\col\20594 
801 1 |a RU  |b 63413507  |c 20141024 
801 2 |a RU  |b 63413507  |c 20170112  |g RCR 
942 |c BK